[Event "MPA 1820 2024"]
[Site "Sianozety"]
[Date "2024.04.12"]
[Round "5.7"]
[White "Zeluk, Karol"]
[Black "Klonowski, Arkadiusz"]
[Result "0-1"]
[BlackElo "1734"]
[WhiteElo "1585"]
[LiveChessVersion "1.4.4"]

1. e4 {[%clk 1:30:58]} c6 {[%clk 1:30:58]} 2. d4 {[%clk 1:30:20]} d6
{[%clk 1:31:24]} 3. f4 {[%clk 1:27:21]} Nf6 {[%clk 1:29:55]} 4. Nc3
{[%clk 1:25:07]} g6 {[%clk 1:27:12]} 5. Be2 {[%clk 1:19:57]} Bg7 {[%clk 1:27:26]}
6. Be3 {[%clk 1:18:22]} Qa5 {[%clk 1:24:49]} 7. Qd2 {[%clk 1:11:16]} Ng4
{[%clk 1:23:25]} 8. Bxg4 {[%clk 1:09:50]} Bxg4 {[%clk 1:23:49]} 9. h3
{[%clk 1:09:46]} Bd7 {[%clk 1:23:26]} 10. O-O-O Na6 11. Kb1 {[%clk 0:54:07]}
O-O-O {[%clk 1:21:17]} 12. Nge2 {[%clk 0:43:31]} Kb8 {[%clk 1:21:42]} 13. g4
{[%clk 0:38:47]} Ka8 {[%clk 1:15:55]} 14. e5 {[%clk 0:27:34]} c5 {[%clk 1:13:41]}
15. Nd5 {[%clk 0:24:59]} Qxd2 {[%clk 1:12:24]} 16. Rxd2 {[%clk 0:25:18]} Bc6
{[%clk 1:12:16]} 17. dxc5 {[%clk 0:22:15]} e6 {[%clk 1:08:59]} 18. cxd6
{[%clk 0:20:58]} Bxd5 {[%clk 1:08:25]} 19. Re1 {[%clk 0:16:39]} g5
{[%clk 1:08:48]} 20. Nc3 {[%clk 0:15:05]} gxf4 {[%clk 1:07:48]} 21. Bxf4
{[%clk 0:14:18]} Bc6 {[%clk 1:08:10]} 22. Bg5 {[%clk 0:13:57]} Rd7
{[%clk 1:08:00]} 23. Rf1 {[%clk 0:11:58]} Bxe5 {[%clk 1:06:35]} 24. Be7
{[%clk 0:12:09]} f6 {[%clk 1:04:35]} 25. Re1 {[%clk 0:11:04]} Nc5
{[%clk 1:02:44]} 26. g5 {[%clk 0:11:20]} Bxc3 {[%clk 1:02:42]} 27. gxf6
{[%clk 0:09:48]} Bxd2 {[%clk 1:02:27]} 28. Rg1 {[%clk 0:10:01]} Be4
{[%clk 0:55:40]} 29. b4 {[%clk 0:05:17]} Na4 {[%clk 0:54:46]} 30. Rg7
{[%clk 0:04:56]} Rc8 {[%clk 0:54:35]} 31. a3 {[%clk 0:04:24]} Rxc2
{[%clk 0:53:56]} 0-1

[Event "MPA 1820 2024"]
[Site "Sianozety"]
[Date "2024.04.12"]
[Round "5.8"]
[White "Siwek, Kornel"]
[Black "Szymkowiak, Damian"]
[Result "1-0"]
[BlackElo "1813"]
[WhiteElo "1437"]
[LiveChessVersion "1.4.4"]

1. e4 {[%clk 1:30:55]} e6 {[%clk 1:30:21]} 2. Nf3 {[%clk 1:31:13]} d5
{[%clk 1:30:19]} 3. Nc3 {[%clk 1:31:19]} c5 {[%clk 1:30:17]} 4. d4
{[%clk 1:30:16]} dxe4 {[%clk 1:23:22]} 5. Nxe4 {[%clk 1:29:03]} cxd4
{[%clk 1:22:59]} 6. Nxd4 {[%clk 1:26:11]} Bd7 {[%clk 1:16:39]} 7. Bd3
{[%clk 1:25:08]} a6 {[%clk 1:16:00]} 8. c3 {[%clk 1:21:05]} e5 {[%clk 1:16:07]}
9. Qe2 {[%clk 1:11:41]} Be7 {[%clk 1:14:47]} 10. Nb3 {[%clk 1:07:19]} Nc6
{[%clk 1:12:55]} 11. O-O {[%clk 1:04:42]} Nf6 {[%clk 1:11:50]} 12. Bg5
{[%clk 0:59:15]} Nxe4 {[%clk 1:07:31]} 13. Bxe7 {[%clk 0:57:59]} Qxe7
{[%clk 1:07:53]} 14. Bxe4 {[%clk 0:58:00]} O-O {[%clk 1:08:08]} 15. Rad1
{[%clk 0:55:00]} f5 {[%clk 1:05:48]} 16. Bd5+ {[%clk 0:52:06]} Kh8
{[%clk 1:05:52]} 17. Rd3 {[%clk 0:48:55]} a5 {[%clk 1:05:02]} 18. Rh3
{[%clk 0:46:29]} a4 {[%clk 1:04:29]} 19. Rxh7+ {[%clk 0:45:46]} 1-0

[Event "MPA 1820 2024"]
[Site "Sianozety"]
[Date "2024.04.12"]
[Round "5.10"]
[White "Bajno, Adam"]
[Black "Goluch, Bartosz"]
[Result "1-0"]
[BlackElo "1728"]
[WhiteElo "1731"]
[LiveChessVersion "1.4.4"]

1. d4 {[%clk 1:30:59]} d5 {[%clk 1:30:44]} 2. c4 {[%clk 1:31:19]} e6
{[%clk 1:30:45]} 3. Nf3 {[%clk 1:31:29]} Nf6 {[%clk 1:30:21]} 4. g3
{[%clk 1:31:54]} c5 {[%clk 1:26:29]} 5. cxd5 {[%clk 1:32:08]} exd5
{[%clk 1:26:00]} 6. Bg2 {[%clk 1:32:30]} Nc6 {[%clk 1:25:28]} 7. O-O
{[%clk 1:32:44]} c4 {[%clk 1:23:51]} 8. Nc3 {[%clk 1:32:40]} Bb4 {[%clk 1:23:10]}
9. Ne5 {[%clk 1:25:34]} Bxc3 {[%clk 1:20:33]} 10. Nxc6 {[%clk 1:25:45]} bxc6
{[%clk 1:18:54]} 11. bxc3 {[%clk 1:26:13]} Qa5 {[%clk 1:18:52]} 12. Qc2
{[%clk 1:24:11]} Be6 {[%clk 1:18:19]} 13. Bg5 {[%clk 1:23:21]} Nd7
{[%clk 1:18:16]} 14. e4 {[%clk 1:22:09]} O-O {[%clk 1:18:08]} 15. Be7
{[%clk 1:18:24]} Rfe8 {[%clk 1:18:09]} 16. Bb4 {[%clk 1:18:51]} Qc7
{[%clk 1:18:14]} 17. f4 {[%clk 1:18:33]} f6 {[%clk 1:16:52]} 18. Rae1
{[%clk 1:12:14]} Qb6 {[%clk 1:10:16]} 19. Kh1 {[%clk 1:08:04]} dxe4
{[%clk 1:07:05]} 20. Qxe4 {[%clk 1:03:50]} Bd5 {[%clk 1:06:36]} 21. Qxe8+
{[%clk 1:03:56]} Rxe8 {[%clk 1:06:45]} 22. Rxe8+ {[%clk 1:04:24]} Kf7
{[%clk 1:07:06]} 23. Re7+ {[%clk 1:04:47]} Kg6 {[%clk 1:06:03]} 24. f5+
{[%clk 1:04:25]} Kh6 {[%clk 1:06:21]} 25. Bxd5 {[%clk 1:04:41]} cxd5
{[%clk 1:03:33]} 26. Rxd7 {[%clk 1:05:02]} a5 {[%clk 1:03:45]} 27. Bf8
{[%clk 1:03:43]} Qb2 {[%clk 1:01:06]} 28. Rxg7 {[%clk 1:02:43]} Qc2
{[%clk 0:58:40]} 29. Rg4+ {[%clk 1:02:32]} Kh5 {[%clk 0:58:45]} 30. Rh4+
{[%clk 1:02:56]} 1-0

[Event "MPA 1820 2024"]
[Site "Sianozety"]
[Date "2024.04.12"]
[Round "6.1"]
[White "Haluja, Wiktor"]
[Black "Iwan, Patryk"]
[Result "1-0"]
[BlackElo "1815"]
[WhiteElo "1756"]
[LiveChessVersion "1.4.4"]

1. d4 {[%clk 1:30:58]} Nf6 {[%clk 1:30:43]} 2. c4 {[%clk 1:31:23]} g6
{[%clk 1:31:10]} 3. Nc3 {[%clk 1:31:39]} Bg7 {[%clk 1:31:37]} 4. e4
{[%clk 1:31:18]} d6 {[%clk 1:31:54]} 5. Nf3 {[%clk 1:30:37]} O-O {[%clk 1:31:56]}
6. Be2 {[%clk 1:30:04]} e5 {[%clk 1:31:59]} 7. Be3 {[%clk 1:28:18]} Nc6
{[%clk 1:31:40]} 8. d5 {[%clk 1:27:12]} Ne7 {[%clk 1:31:54]} 9. O-O
{[%clk 1:27:05]} Nh5 {[%clk 1:31:01]} 10. Ne1 {[%clk 1:20:12]} Nf4
{[%clk 1:30:22]} 11. Nd3 {[%clk 1:17:33]} Nxe2+ {[%clk 1:28:23]} 12. Qxe2
{[%clk 1:17:33]} f5 {[%clk 1:27:07]} 13. f3 {[%clk 1:17:48]} f4 {[%clk 1:26:50]}
14. Bf2 {[%clk 1:17:49]} g5 {[%clk 1:23:59]} 15. c5 {[%clk 1:10:13]} h5
{[%clk 1:21:51]} 16. h3 {[%clk 1:05:35]} Ng6 {[%clk 1:20:42]} 17. cxd6
{[%clk 0:46:40]} cxd6 {[%clk 1:20:48]} 18. Rfc1 {[%clk 0:43:51]} g4
{[%clk 1:13:00]} 19. hxg4 {[%clk 0:42:30]} hxg4 {[%clk 1:13:21]} 20. Kf1
{[%clk 0:40:17]} Nh4 {[%clk 1:03:27]} 21. Nb5 {[%clk 0:33:18]} gxf3
{[%clk 0:28:42]} 22. gxf3 {[%clk 0:33:16]} Bh3+ {[%clk 0:28:47]} 23. Ke1
{[%clk 0:33:29]} Qa5+ {[%clk 0:27:18]} 24. Nc3 {[%clk 0:33:53]} Qd8
{[%clk 0:25:49]} 25. Kd2 {[%clk 0:33:02]} Ng6 {[%clk 0:24:28]} 26. Rh1
{[%clk 0:29:43]} Bd7 {[%clk 0:24:33]} 27. Rag1 {[%clk 0:29:43]} Rf6
{[%clk 0:22:19]} 28. Be1 {[%clk 0:27:51]} Be8 {[%clk 0:19:36]} 29. Qh2
{[%clk 0:27:30]} Qe7 {[%clk 0:18:41]} 30. Qh7+ {[%clk 0:21:37]} Kf8
{[%clk 0:18:44]} 31. Nf2 {[%clk 0:20:39]} Nh8 {[%clk 0:12:37]} 32. Ng4
{[%clk 0:15:51]} Bg6 {[%clk 0:12:11]} 33. Qh3 {[%clk 0:11:54]} Rf7
{[%clk 0:12:12]} 34. Nh6 {[%clk 0:11:02]} Ke8 {[%clk 0:10:54]} 35. Nxf7
{[%clk 0:10:25]} Qxf7 {[%clk 0:11:07]} 36. Qg4 {[%clk 0:09:21]} Ke7
{[%clk 0:11:01]} 37. Rxh8 {[%clk 0:06:13]} Rxh8 {[%clk 0:11:16]} 38. Qxg6
{[%clk 0:06:37]} Rh2+ {[%clk 0:11:31]} 39. Kd1 {[%clk 0:05:46]} Qxg6
{[%clk 0:11:17]} 40. Rxg6 {[%clk 0:06:09]} Bf6 {[%clk 0:11:39]} 41. b3
{[%clk 0:04:05]} Rh1 {[%clk 0:11:54]} 42. Ke2 {[%clk 0:03:58]} Rh2+
{[%clk 0:12:12]} 43. Bf2 {[%clk 0:03:55]} b6 {[%clk 0:11:42]} 44. Rg8
{[%clk 0:03:54]} Rh1 {[%clk 0:11:39]} 45. Nd1 {[%clk 0:03:33]} 1-0

[Event "MPA 1820 2024"]
[Site "Sianozety"]
[Date "2024.04.12"]
[Round "6.2"]
[White "Mencfel, Artur"]
[Black "Hombek, Mariusz"]
[Result "1-0"]
[BlackElo "1531"]
[WhiteElo "1757"]
[LiveChessVersion "1.4.4"]

1. d4 {[%clk 1:30:56]} g6 {[%clk 1:30:56]} 2. Bf4 {[%clk 1:31:18]} Nf6
{[%clk 1:31:02]} 3. e3 {[%clk 1:31:44]} Bg7 {[%clk 1:31:21]} 4. Nc3
{[%clk 1:31:43]} d6 {[%clk 1:31:45]} 5. Bd3 {[%clk 1:32:05]} Nbd7
{[%clk 1:31:52]} 6. h4 {[%clk 1:32:23]} e5 {[%clk 1:29:52]} 7. Bg3
{[%clk 1:31:15]} Nh5 {[%clk 1:30:07]} 8. Nge2 {[%clk 1:26:10]} Nxg3
{[%clk 1:24:01]} 9. fxg3 {[%clk 1:25:42]} Nf6 {[%clk 1:22:37]} 10. dxe5
{[%clk 1:21:00]} dxe5 {[%clk 1:18:06]} 11. Bb5+ {[%clk 1:21:15]} Bd7
{[%clk 1:16:11]} 12. Qd3 {[%clk 1:18:25]} Qe7 {[%clk 1:07:12]} 13. Qc4
{[%clk 1:14:35]} c6 {[%clk 1:06:35]} 14. O-O-O {[%clk 1:14:26]} O-O
{[%clk 1:05:03]} 15. h5 {[%clk 1:10:13]} cxb5 {[%clk 1:04:14]} 16. Qh4
{[%clk 1:10:36]} h6 {[%clk 0:58:33]} 17. Ne4 {[%clk 1:09:35]} g5 {[%clk 0:58:23]}
18. Nxg5 {[%clk 1:08:09]} hxg5 {[%clk 0:58:46]} 19. Qxg5 {[%clk 1:08:35]} Nd5
{[%clk 0:58:51]} 20. Qxe7 {[%clk 1:08:42]} Nxe7 {[%clk 0:59:15]} 21. Rxd7
{[%clk 1:09:09]} Nf5 {[%clk 0:57:48]} 22. e4 {[%clk 1:08:32]} Bh6+
{[%clk 0:55:25]} 23. Kb1 {[%clk 1:08:58]} Ne3 {[%clk 0:55:33]} 24. g4
{[%clk 1:05:11]} Rfd8 {[%clk 0:52:52]} 25. Rxb7 {[%clk 1:05:04]} Rd2
{[%clk 0:53:13]} 26. Nc3 {[%clk 1:01:20]} Rxc2 27. Nxb5 {[%clk 0:51:12]} Rac8
{[%clk 0:39:04]} 28. Nc3 {[%clk 0:48:50]} Rxg2 {[%clk 0:37:22]} 29. Rxa7
{[%clk 0:48:26]} Rb8 {[%clk 0:34:57]} 30. b3 {[%clk 0:46:04]} Rc8
{[%clk 0:29:17]} 31. Nd5 {[%clk 0:37:10]} Nxd5 {[%clk 0:26:33]} 32. exd5
{[%clk 0:37:34]} Rxg4 {[%clk 0:26:32]} 33. Rf1 {[%clk 0:34:44]} f5
{[%clk 0:25:58]} 34. d6 {[%clk 0:33:45]} e4 {[%clk 0:21:32]} 35. Re7
{[%clk 0:33:39]} Bg5 {[%clk 0:20:19]} 36. d7 {[%clk 0:33:14]} Rd8
{[%clk 0:20:04]} 37. Re8+ {[%clk 0:33:39]} Kf7 {[%clk 0:20:25]} 38. Rxf5+
{[%clk 0:34:05]} Bf6 {[%clk 0:19:33]} 39. Rxd8 {[%clk 0:33:44]} Ke7
{[%clk 0:18:54]} 40. Ra8 {[%clk 0:30:42]} Kxd7 {[%clk 0:18:04]} 41. Rxf6
{[%clk 0:30:13]} e3 {[%clk 0:18:32]} 42. Ra7+ {[%clk 0:29:30]} 1-0

[Event "MPA 1820 2024"]
[Site "Sianozety"]
[Date "2024.04.12"]
[Round "6.3"]
[White "Klonowski, Arkadiusz"]
[Black "Adamowicz, Michal"]
[Result "0-1"]
[BlackElo "1741"]
[WhiteElo "1734"]
[LiveChessVersion "1.4.4"]

1. Nf3 {[%clk 1:30:56]} Nf6 {[%clk 1:30:58]} 2. g3 {[%clk 1:31:23]} c5
{[%clk 1:31:13]} 3. Bg2 {[%clk 1:31:49]} d5 {[%clk 1:30:47]} 4. c4
{[%clk 1:32:05]} d4 {[%clk 1:30:48]} 5. e3 {[%clk 1:32:24]} Nc6 {[%clk 1:30:36]}
6. exd4 {[%clk 1:32:17]} cxd4 {[%clk 1:30:58]} 7. d3 {[%clk 1:32:38]} e5
{[%clk 1:25:08]} 8. O-O {[%clk 1:33:01]} Bd6 {[%clk 1:14:14]} 9. Re1
{[%clk 1:33:26]} O-O {[%clk 1:14:20]} 10. a3 {[%clk 1:27:08]} a5 {[%clk 1:12:08]}
11. Nbd2 {[%clk 1:24:29]} Bf5 {[%clk 1:07:29]} 12. Qc2 {[%clk 1:23:23]} h6
{[%clk 1:02:51]} 13. c5 {[%clk 1:17:46]} Bc7 {[%clk 1:00:57]} 14. Nh4
{[%clk 1:12:40]} Bh7 {[%clk 0:59:57]} 15. Nc4 {[%clk 1:07:08]} Re8
{[%clk 0:39:55]} 16. Bd2 {[%clk 1:07:34]} g5 {[%clk 0:39:51]} 17. Nf3
{[%clk 1:06:44]} e4 {[%clk 0:39:27]} 18. dxe4 {[%clk 1:06:35]} Bxe4
{[%clk 0:35:53]} 19. Qb3 {[%clk 1:05:07]} Qd5 {[%clk 0:32:22]} 20. Rxe4
{[%clk 1:00:16]} Nxe4 {[%clk 0:30:10]} 21. Bxa5 {[%clk 0:58:04]} Nxc5
{[%clk 0:27:27]} 22. Qc2 {[%clk 0:53:00]} d3 {[%clk 0:22:05]} 23. Qc3
{[%clk 0:51:52]} Ne4 {[%clk 0:21:14]} 24. Qb3 {[%clk 0:51:41]} Bxa5
{[%clk 0:20:07]} 25. Nxa5 {[%clk 0:51:16]} Rxa5 {[%clk 0:18:49]} 26. Qxd5
{[%clk 0:48:51]} Rxd5 {[%clk 0:19:17]} 27. Nd2 {[%clk 0:49:09]} f5
{[%clk 0:19:04]} 28. Re1 {[%clk 0:49:07]} Nd4 {[%clk 0:16:58]} 29. Nxe4
{[%clk 0:47:25]} fxe4 {[%clk 0:17:10]} 30. Bxe4 {[%clk 0:47:47]} Rxe4
{[%clk 0:17:33]} 31. Rxe4 {[%clk 0:48:11]} d2 {[%clk 0:17:58]} 0-1

[Event "MPA 1820 2024"]
[Site "Sianozety"]
[Date "2024.04.12"]
[Round "6.4"]
[White "Czepczynski, Boguslaw"]
[Black "Kopacz, Przemyslaw"]
[Result "1-0"]
[BlackElo "1774"]
[WhiteElo "1771"]
[LiveChessVersion "1.4.4"]

1. c4 {[%clk 1:30:55]} c5 {[%clk 1:30:59]} 2. Nc3 {[%clk 1:31:14]} Nc6
{[%clk 1:31:28]} 3. g3 {[%clk 1:31:29]} g6 {[%clk 1:31:57]} 4. Bg2
{[%clk 1:31:51]} Bg7 {[%clk 1:32:25]} 5. Nf3 {[%clk 1:31:54]} e5 {[%clk 1:32:45]}
6. d3 {[%clk 1:31:50]} d6 {[%clk 1:33:12]} 7. O-O {[%clk 1:32:07]} Nge7
{[%clk 1:33:39]} 8. e4 {[%clk 1:29:06]} O-O {[%clk 1:34:01]} 9. a3
{[%clk 1:28:33]} a5 {[%clk 1:32:21]} 10. Nb5 {[%clk 1:26:34]} h6 {[%clk 1:30:46]}
11. Bd2 {[%clk 1:26:54]} b6 {[%clk 1:30:59]} 12. Bc3 {[%clk 1:19:06]} Na7
{[%clk 1:25:33]} 13. b4 {[%clk 1:16:55]} Nxb5 {[%clk 1:25:09]} 14. cxb5
{[%clk 1:17:13]} axb4 {[%clk 1:10:45]} 15. axb4 {[%clk 1:17:11]} Bd7
{[%clk 1:11:00]} 16. bxc5 {[%clk 1:17:06]} bxc5 {[%clk 1:10:05]} 17. Qb3
{[%clk 1:16:11]} Qb6 {[%clk 1:08:22]} 18. Rfb1 {[%clk 1:14:01]} Rxa1
{[%clk 1:00:36]} 19. Bxa1 {[%clk 1:12:18]} Rb8 {[%clk 1:00:29]} 20. Nd2
{[%clk 1:11:04]} Nc8 {[%clk 0:46:16]} 21. Bf1 {[%clk 0:58:31]} Bxb5
{[%clk 0:34:41]} 22. Bc3 {[%clk 0:49:45]} Bd7 {[%clk 0:25:24]} 23. Qc2
{[%clk 0:39:13]} Qc7 {[%clk 0:25:03]} 24. Ba5 {[%clk 0:37:58]} Qa7
{[%clk 0:25:27]} 25. Ra1 {[%clk 0:38:13]} Rb7 {[%clk 0:21:59]} 26. Bc3
{[%clk 0:37:21]} Qb8 {[%clk 0:22:16]} 27. f4 {[%clk 0:35:02]} Nb6
{[%clk 0:17:03]} 28. fxe5 {[%clk 0:33:55]} dxe5 {[%clk 0:17:23]} 29. Nf3
{[%clk 0:29:03]} Na4 {[%clk 0:17:17]} 30. Rxa4 {[%clk 0:25:54]} Bxa4
{[%clk 0:17:38]} 31. Qxa4 {[%clk 0:26:17]} Rb3 {[%clk 0:13:14]} 32. Qc4
{[%clk 0:24:13]} Qb5 {[%clk 0:10:22]} 33. Qxb5 {[%clk 0:24:03]} Rxb5
{[%clk 0:10:51]} 34. Bxe5 {[%clk 0:24:18]} Bxe5 {[%clk 0:09:24]} 35. Nxe5
{[%clk 0:24:41]} Ra5 {[%clk 0:09:47]} 36. Kf2 {[%clk 0:24:32]} Kg7
{[%clk 0:10:04]} 37. Ke3 {[%clk 0:24:32]} Kf6 {[%clk 0:09:03]} 38. Nc4
{[%clk 0:24:46]} Ra1 {[%clk 0:09:15]} 39. Nd2 {[%clk 0:23:03]} Ke5
{[%clk 0:06:32]} 40. Be2 {[%clk 0:22:24]} Rh1 {[%clk 0:06:23]} 41. Nf1
{[%clk 0:21:50]} 1-0

[Event "MPA 1820 2024"]
[Site "Sianozety"]
[Date "2024.04.12"]
[Round "6.5"]
[White "Przytocki, Bartosz"]
[Black "Kupiak, Sylwester"]
[Result "1-0"]
[BlackElo "1747"]
[WhiteElo "1651"]
[LiveChessVersion "1.4.4"]

1. e4 {[%clk 1:30:57]} c5 {[%clk 1:30:52]} 2. Nf3 {[%clk 1:31:18]} e6
{[%clk 1:31:14]} 3. d4 {[%clk 1:31:43]} cxd4 {[%clk 1:31:12]} 4. Nxd4
{[%clk 1:32:05]} a6 {[%clk 1:30:27]} 5. Bd3 {[%clk 1:31:34]} Bc5 {[%clk 1:27:28]}
6. Nb3 {[%clk 1:30:11]} Qc7 {[%clk 1:27:24]} 7. Nxc5 {[%clk 1:28:56]} Qxc5
{[%clk 1:27:46]} 8. O-O {[%clk 1:28:03]} Ne7 {[%clk 1:26:57]} 9. Qe2
{[%clk 1:20:43]} b5 {[%clk 1:24:16]} 10. a4 {[%clk 1:15:04]} b4 {[%clk 1:23:24]}
11. Nd2 {[%clk 1:12:04]} a5 {[%clk 1:18:58]} 12. Nc4 {[%clk 1:09:01]} d5
{[%clk 1:18:26]} 13. Be3 {[%clk 1:07:39]} d4 {[%clk 1:18:27]} 14. Bf4
{[%clk 1:07:08]} O-O {[%clk 1:15:48]} 15. Bd6 {[%clk 0:55:10]} Qa7
{[%clk 1:15:30]} 16. Qh5 {[%clk 0:43:15]} Nbc6 {[%clk 1:14:47]} 17. f4
{[%clk 0:35:19]} g6 {[%clk 1:14:02]} 18. Qh6 {[%clk 0:32:34]} Ba6
{[%clk 1:13:18]} 19. Rf3 {[%clk 0:31:44]} f6 {[%clk 1:12:09]} 20. Rh3
{[%clk 0:26:41]} Rf7 {[%clk 1:12:27]} 21. f5 {[%clk 0:22:13]} exf5
{[%clk 1:05:22]} 22. exf5 {[%clk 0:22:00]} Nxf5 {[%clk 1:05:26]} 23. Bxf5
{[%clk 0:21:40]} gxf5 {[%clk 1:01:21]} 24. Rg3+ {[%clk 0:15:36]} Rg7
{[%clk 1:01:27]} 25. Bc5 {[%clk 0:12:11]} Qc7 {[%clk 0:58:51]} 26. Nb6
{[%clk 0:10:12]} Rd8 {[%clk 0:58:15]} 27. Qxf6 {[%clk 0:10:25]} Rxg3
{[%clk 0:57:27]} 28. hxg3 {[%clk 0:08:56]} Ne5 {[%clk 0:47:17]} 29. Nd5
{[%clk 0:08:05]} Qxc5 {[%clk 0:31:20]} 30. Ne7+ {[%clk 0:05:13]} Qxe7
{[%clk 0:31:15]} 31. Qxe7 {[%clk 0:05:38]} Nf7 {[%clk 0:30:49]} 32. Qc5
{[%clk 0:05:39]} d3 {[%clk 0:30:32]} 33. cxd3 {[%clk 0:05:43]} Rxd3
{[%clk 0:30:02]} 34. Qxa5 {[%clk 0:05:35]} Bb7 {[%clk 0:28:15]} 35. Qxf5
{[%clk 0:05:14]} Rd2 {[%clk 0:28:14]} 36. Qg4+ {[%clk 0:04:07]} Kh8
{[%clk 0:27:49]} 37. Qxb4 {[%clk 0:04:31]} Rxg2+ {[%clk 0:26:58]} 38. Kf1
{[%clk 0:04:56]} Rxg3 {[%clk 0:26:00]} 39. Qxb7 {[%clk 0:04:59]} Kg7
{[%clk 0:25:36]} 40. a5 {[%clk 0:05:03]} Rh3 {[%clk 0:25:14]} 41. Qg2+
{[%clk 0:05:26]} 1-0

[Event "MPA 1820 2024"]
[Site "Sianozety"]
[Date "2024.04.12"]
[Round "6.6"]
[White "Pietras, Maksymilian"]
[Black "Bajno, Adam"]
[Result "1/2-1/2"]
[BlackElo "1731"]
[WhiteElo "1733"]
[LiveChessVersion "1.4.4"]

1. d4 {[%clk 1:30:57]} d5 {[%clk 1:30:59]} 2. Nf3 {[%clk 1:31:05]} Nf6
{[%clk 1:31:23]} 3. c4 {[%clk 1:31:09]} dxc4 {[%clk 1:31:48]} 4. e3
{[%clk 1:31:09]} a6 {[%clk 1:32:13]} 5. Bxc4 {[%clk 1:30:58]} e6 {[%clk 1:32:37]}
6. a4 {[%clk 1:30:06]} c5 {[%clk 1:32:22]} 7. O-O {[%clk 1:28:47]} Nc6
{[%clk 1:31:38]} 8. Qe2 {[%clk 1:24:57]} cxd4 {[%clk 1:24:42]} 9. Rd1
{[%clk 1:24:43]} Be7 {[%clk 1:24:46]} 10. exd4 {[%clk 1:24:27]} O-O
{[%clk 1:25:04]} 11. Nc3 {[%clk 1:24:07]} Nb4 {[%clk 1:13:32]} 12. Bg5
{[%clk 1:20:07]} Re8 {[%clk 1:07:58]} 13. Ne5 {[%clk 1:13:47]} Nfd5
{[%clk 1:04:25]} 14. Bxe7 {[%clk 1:08:23]} Qxe7 {[%clk 1:04:44]} 15. Nd3
{[%clk 0:59:13]} Nxd3 {[%clk 0:59:48]} 16. Nxd5 {[%clk 0:53:21]} exd5
{[%clk 0:59:18]} 17. Qxe7 {[%clk 0:52:07]} Rxe7 {[%clk 0:59:40]} 18. Bxd3
{[%clk 0:52:26]} Bd7 {[%clk 0:57:09]} 19. a5 {[%clk 0:48:06]} Rae8
{[%clk 0:56:52]} 20. Rac1 {[%clk 0:45:59]} Kf8 {[%clk 0:50:35]} 21. Kf1
{[%clk 0:43:35]} Ba4 {[%clk 0:46:57]} 22. Re1 {[%clk 0:41:05]} Rxe1+
{[%clk 0:40:01]} 23. Rxe1 {[%clk 0:41:24]} Rxe1+ {[%clk 0:37:08]} 24. Kxe1
{[%clk 0:41:49]} g6 {[%clk 0:37:27]} 25. Kd2 {[%clk 0:40:38]} Ke7
{[%clk 0:37:52]} 26. Kc3 {[%clk 0:35:36]} Kd6 {[%clk 0:38:10]} 27. Be2
{[%clk 0:34:43]} Bd7 {[%clk 0:29:59]} 28. Kb4 {[%clk 0:32:37]} Bf5
{[%clk 0:26:42]} 29. Ka4 {[%clk 0:29:08]} Kc6 {[%clk 0:24:23]} 30. Kb4
{[%clk 0:26:08]} Kd6 {[%clk 0:23:59]} 31. h4 {[%clk 0:23:19]} h5 {[%clk 0:21:42]}
32. f3 {[%clk 0:21:44]} Be6 {[%clk 0:20:02]} 33. g4 {[%clk 0:16:42]} hxg4
{[%clk 0:19:45]} 34. fxg4 {[%clk 0:17:07]} f5 {[%clk 0:20:09]} 35. gxf5
{[%clk 0:12:45]} Bxf5 {[%clk 0:20:32]} 36. h5 {[%clk 0:11:35]} gxh5
{[%clk 0:18:15]} 37. Bxh5 {[%clk 0:11:37]} Bd7 {[%clk 0:18:24]} 38. Bf7
{[%clk 0:11:42]} Bb5 {[%clk 0:18:07]} 39. Bg6 {[%clk 0:11:56]} Bd7
{[%clk 0:18:27]} 40. Bd3 {[%clk 0:12:11]} Bc6 {[%clk 0:18:37]} 41. Ka3
{[%clk 0:12:05]} Be8 {[%clk 0:18:35]} 42. b4 {[%clk 0:12:25]} Bb5
{[%clk 0:13:16]} 43. Bc2 {[%clk 0:12:37]} Ke6 {[%clk 0:13:06]} 44. Kb2
{[%clk 0:12:04]} Kf6 {[%clk 0:13:26]} 45. Kc3 {[%clk 0:12:30]} Kg5
{[%clk 0:13:39]} 46. Bh7 {[%clk 0:12:22]} Kf4 {[%clk 0:13:51]} 47. Bg8
{[%clk 0:12:47]} Ke4 {[%clk 0:13:29]} 48. Be6 {[%clk 0:12:52]} Bc6
{[%clk 0:13:40]} 49. Bc8 {[%clk 0:13:04]} Ke3 {[%clk 0:13:33]} 50. Be6
{[%clk 0:13:14]} 1/2-1/2

[Event "MPA 1820 2024"]
[Site "Sianozety"]
[Date "2024.04.12"]
[Round "6.7"]
[White "Stepien, Janusz"]
[Black "Kuriata, Karol"]
[Result "1-0"]
[BlackElo "1648"]
[WhiteElo "1732"]
[LiveChessVersion "1.4.4"]

1. d4 {[%clk 1:30:57]} d5 {[%clk 1:30:53]} 2. c4 {[%clk 1:31:21]} c6
{[%clk 1:31:17]} 3. Nc3 {[%clk 1:31:36]} Nf6 {[%clk 1:31:40]} 4. Nf3
{[%clk 1:31:22]} a6 {[%clk 1:31:36]} 5. cxd5 {[%clk 1:29:17]} cxd5
{[%clk 1:31:41]} 6. Qb3 {[%clk 1:28:25]} Nc6 {[%clk 1:28:05]} 7. g3
{[%clk 1:26:13]} Bg4 {[%clk 1:11:05]} 8. Ne5 {[%clk 1:12:27]} Na5
{[%clk 1:01:38]} 9. Qa4+ {[%clk 1:05:50]} b5 {[%clk 0:58:59]} 10. Qd1
{[%clk 1:05:05]} Bf5 {[%clk 0:57:40]} 11. Bg2 {[%clk 1:04:42]} e6
{[%clk 0:57:36]} 12. O-O {[%clk 1:04:43]} Bb4 {[%clk 0:55:57]} 13. Bd2
{[%clk 0:59:23]} Bxc3 {[%clk 0:50:07]} 14. Bxc3 {[%clk 0:58:53]} Nc4
{[%clk 0:46:59]} 15. Nd3 {[%clk 0:44:26]} O-O {[%clk 0:44:03]} 16. b3 Nd6
{[%clk 0:42:11]} 17. a4 {[%clk 0:37:58]} Qb6 {[%clk 0:37:03]} 18. Nc5
{[%clk 0:30:48]} Nde4 {[%clk 0:34:59]} 19. Bxe4 {[%clk 0:25:18]} Bxe4
{[%clk 0:33:37]} 20. Qd2 {[%clk 0:25:11]} Rfc8 {[%clk 0:31:30]} 21. Ba5
{[%clk 0:24:14]} Qd6 {[%clk 0:30:09]} 22. axb5 {[%clk 0:22:04]} axb5
{[%clk 0:30:14]} 23. Bb4 {[%clk 0:22:20]} Qb6 {[%clk 0:29:45]} 24. h3
{[%clk 0:18:23]} Bg6 {[%clk 0:26:37]} 25. Qe3 {[%clk 0:14:49]} Ne4
{[%clk 0:24:40]} 26. Nd7 {[%clk 0:14:23]} Qd8 {[%clk 0:23:41]} 27. Ne5
{[%clk 0:13:49]} Qg5 {[%clk 0:18:51]} 28. Qf3 {[%clk 0:10:17]} Nf6
{[%clk 0:16:49]} 29. Be7 {[%clk 0:09:39]} Be4 {[%clk 0:15:16]} 30. Qf4
{[%clk 0:09:19]} Qxf4 {[%clk 0:13:58]} 31. gxf4 {[%clk 0:09:42]} Bc2
{[%clk 0:12:42]} 32. b4 {[%clk 0:08:48]} Bb3 {[%clk 0:11:35]} 33. Bxf6
{[%clk 0:08:05]} gxf6 {[%clk 0:12:03]} 34. Nd7 {[%clk 0:08:19]} Rxa1
{[%clk 0:09:24]} 35. Rxa1 {[%clk 0:08:41]} Rc4 {[%clk 0:09:23]} 36. e3
{[%clk 0:08:18]} Kg7 {[%clk 0:07:13]} 37. Kh2 {[%clk 0:08:37]} Rc2
{[%clk 0:07:28]} 38. Rg1+ {[%clk 0:08:37]} Kh6 {[%clk 0:07:04]} 39. Kg3
{[%clk 0:08:04]} Kg6 {[%clk 0:04:40]} 40. Kf3+ {[%clk 0:07:37]} Kf5
{[%clk 0:02:43]} 41. Rg7 {[%clk 0:05:13]} Bc4 {[%clk 0:02:10]} 42. Rxf7
{[%clk 0:05:12]} Be2+ {[%clk 0:02:27]} 43. Kg3 {[%clk 0:05:25]} Kg6
{[%clk 0:01:12]} 44. Rxf6+ {[%clk 0:05:37]} Kg7 {[%clk 0:01:22]} 45. Rxe6
{[%clk 0:05:53]} Rb2 {[%clk 0:01:11]} 46. f5 {[%clk 0:06:11]} Rxb4
{[%clk 0:01:21]} 47. f6+ {[%clk 0:06:28]} 1-0